| 000 | 00559nam a2200229 a 4500 | ||
|---|---|---|---|
| 001 | 0001-1375 | ||
| 003 | ELIB.Books | ||
| 008 | 160712 2010 eng | ||
| 020 | _a0883445395 | ||
| 035 | _a(ELIB.Books)0001-1530 | ||
| 092 |
_a272 _bO'ma |
||
| 100 | _aO'malley, William J. | ||
| 245 | _aThe Voice of Blood | ||
| 260 |
_aMaryknoll _bOrbis Books _c1981 |
||
| 300 |
_a195 _c23 Cm |
||
| 650 | _aChristian Martyrs | ||
| 856 |
_nKBTS Library _uKBTS: ELIB |
||
| 942 |
_2ddc _cBK |
||
| 990 | _a1 | ||
| 998 |
_cbat _e2016-07-12 |
||
| 999 |
_c11375 _d11375 |
||